Mẫn và tôi : Tiểu thuyết
Na minha lista:
| Autor principal: | |
|---|---|
| Formato: | Livro |
| Idioma: | Undetermined |
| Publicado em: |
Hà Nội
Hội nhà văn
1995
|
| Assuntos: | |
| Tags: |
Adicionar Tag
Sem tags, seja o primeiro a adicionar uma tag!
|
| Thư viện lưu trữ: | Trung tâm Học liệu Trường Đại học Cần Thơ |
|---|
| LEADER | 00584nam a2200217Ia 4500 | ||
|---|---|---|---|
| 001 | CTU_46938 | ||
| 008 | 210402s9999 xx 000 0 und d | ||
| 020 | |c 38000 | ||
| 082 | |a 895.922333 | ||
| 082 | |b T550 | ||
| 100 | |a Phan, Tứ | ||
| 245 | 0 | |a Mẫn và tôi : | |
| 245 | 0 | |b Tiểu thuyết | |
| 245 | 0 | |c Phan Tứ | |
| 260 | |a Hà Nội | ||
| 260 | |b Hội nhà văn | ||
| 260 | |c 1995 | ||
| 650 | |a Vietnamese fiction,War stories, Vietnamese | ||
| 650 | |y 1960 - 1975 | ||
| 904 | |i Trong Hieu | ||
| 980 | |a Trung tâm Học liệu Trường Đại học Cần Thơ | ||